Online katalóg knižníc regiónu Turca

Púštne srdce (Record no. 22042)

MARC details
000 -LEADER
fixed length control field 01924cam a2200577 4500
001 - CONTROL NUMBER
control field 22042
003 - CONTROL NUMBER IDENTIFIER
control field VRT
005 - DATE AND TIME OF LATEST TRANSACTION
control field 20260318094045.0
008 - FIXED-LENGTH DATA ELEMENTS--GENERAL INFORMATION
fixed length control field 210624s2019 xo o gr 000 f slo
015 ## - NATIONAL BIBLIOGRAPHY NUMBER
National bibliography number SNBA2020/06
020 ## - INTERNATIONAL STANDARD BOOK NUMBER
International Standard Book Number 9788056904886
Qualifying information (viazané)
035 ## - SYSTEM CONTROL NUMBER
System control number urn:nbn:sk:snk-am00edqi
035 ## - SYSTEM CONTROL NUMBER
System control number urn:nbn:sk:snk-am3ih1b
035 ## - SYSTEM CONTROL NUMBER
System control number 7DAD5CC2-B6AB-4D5E-895A-D83D02B8B11B
039 #9 - LEVEL OF BIBLIOGRAPHIC CONTROL AND CODING DETAIL [OBSOLETE]
Level of rules in bibliographic description 202106241121
Level of effort used to assign nonsubject heading access points VLOAD
Level of effort used to assign subject headings 202102090837
Level of effort used to assign classification VLOAD
Level of effort used to assign subject headings 202102081057
Level of effort used to assign classification VLOAD
Level of effort used to assign subject headings 202006041208
Level of effort used to assign classification msnk159
040 ## - CATALOGING SOURCE
Original cataloging agency PPPK
Language of cataloging slo
Transcribing agency PPPK
Modifying agency SNK
Description conventions rda
041 0# - LANGUAGE CODE
Language code of text/sound track or separate title slo
043 ## - GEOGRAPHIC AREA CODE
Geographic area code a-su---
-- a-ku---
044 ## - COUNTRY OF PUBLISHING/PRODUCING ENTITY CODE
MARC country code xo
ISO country code SK
072 #7 - SUBJECT CATEGORY CODE
Subject category code 821.162.4-3
Subject category code subdivision Slovenská próza
Source konspekt
080 ## - UNIVERSAL DECIMAL CLASSIFICATION NUMBER
Universal Decimal Classification number (532)
Edition identifier 2011
080 ## - UNIVERSAL DECIMAL CLASSIFICATION NUMBER
Universal Decimal Classification number (536.8)
Edition identifier 2011
080 ## - UNIVERSAL DECIMAL CLASSIFICATION NUMBER
Universal Decimal Classification number 821.162.4-32
Edition identifier 2011
080 ## - UNIVERSAL DECIMAL CLASSIFICATION NUMBER
Universal Decimal Classification number (0:82-992)
Edition identifier 2011
080 ## - UNIVERSAL DECIMAL CLASSIFICATION NUMBER
Universal Decimal Classification number (0:82-322.6)
Edition identifier 2011
100 1# - MAIN ENTRY--PERSONAL NAME
Personal name Bulbeck, Soňa,
Dates associated with a name 1961-
Relationship aut
-- pht
245 10 - TITLE STATEMENT
Title Púštne srdce
Statement of responsibility, etc. Soňa Bulbeck
250 ## - EDITION STATEMENT
Edition statement 1. vydanie
264 #1 - PRODUCTION, PUBLICATION, DISTRIBUTION, MANUFACTURE, AND COPYRIGHT NOTICE
Place of production, publication, distribution, manufacture Bratislava
Name of producer, publisher, distributor, manufacturer Marenčin PT
Date of production, publication, distribution, manufacture, or copyright notice 2019
300 ## - PHYSICAL DESCRIPTION
Extent 142 strán
Other physical details fotografie
Dimensions 21 cm
336 ## - CONTENT TYPE
Content type term text
Content type code txt
Source rdacontent
337 ## - MEDIA TYPE
Media type term bez média
Media type code n
Source rdamedia
338 ## - CARRIER TYPE
Carrier type term zväzok
Carrier type code nc
Source rdacarrier
651 #7 - SUBJECT ADDED ENTRY--GEOGRAPHIC NAME
Geographic name Saudská Arábia
Source of heading or term SNKPHgeo
651 #7 - SUBJECT ADDED ENTRY--GEOGRAPHIC NAME
Geographic name Kuvajt
Source of heading or term SNKPHgeo
651 #7 - SUBJECT ADDED ENTRY--GEOGRAPHIC NAME
Geographic name Saudi Arabia
Source of heading or term SNKPHeng
651 #7 - SUBJECT ADDED ENTRY--GEOGRAPHIC NAME
Geographic name Kuwait
Source of heading or term SNKPHeng
655 #7 - INDEX TERM--GENRE/FORM
Genre/form data or focus term slovenské príbehy
Source of term SNKPH
655 #7 - INDEX TERM--GENRE/FORM
Genre/form data or focus term cestopisné prózy
Source of term SNKPH
655 #7 - INDEX TERM--GENRE/FORM
Genre/form data or focus term Slovak stories
Source of term SNKPHeng
655 #7 - INDEX TERM--GENRE/FORM
Genre/form data or focus term Travel prose
Source of term SNKPHeng
655 #7 - INDEX TERM--GENRE/FORM
Genre/form data or focus term autobiografické prózy
Source of term SNKPH
655 #7 - INDEX TERM--GENRE/FORM
Genre/form data or focus term Autobiographical prose
Source of term SNKPHeng
910 ## - USER-OPTION DATA (OCLC)
User-option data snk
942 ## - ADDED ENTRY ELEMENTS (KOHA)
Source of classification or shelving scheme Dewey Decimal Classification
Koha item type Krásna literatúra pre dospelých
Suppress in OPAC No
949 ## - LOCAL PROCESSING INFORMATION (OCLC)
6 17A1417992
a snkSC 188385
b snk2020/6894
o 460/2020
s 6100:20200608
949 ## - LOCAL PROCESSING INFORMATION (OCLC)
6 17A1417993
a snkSC 188385 D1
b snk2020/6895
o 460/2020
949 ## - LOCAL PROCESSING INFORMATION (OCLC)
6 273K0651921
a svkpoA 244622
b svkpo643979
949 ## - LOCAL PROCESSING INFORMATION (OCLC)
6 270001000641730
a svkbbA 160187
b svkbbm 789304
949 ## - LOCAL PROCESSING INFORMATION (OCLC)
6 2889355279
a savukPV 29764
b savuk2020/712
Holdings
Stav vyradenia Strata Poškodenie Spôsob nadobudnutia Domovská knižnica Aktuálna knižnica Dátum nadobudnutia Total checkouts Čiarový kód exemplára Date last seen Typ exemplára
      Dar Obecná knižnica Turčianska Štiavnička Obecná knižnica Turčianska Štiavnička 18.03.2026   4738000537 18.03.2026 Krásna literatúra pre dospelých
Projekt je podporený Slovenskou asociáciou knižníc
Prevádzkuje Turčianska knižnica Martin 2026